000 00160nam a22000857a 4500
082 _a823
100 _aJAMIE SUZANNE
245 _aSVT AGAINST THE RULES
942 _cBK
999 _c8299
_d8299